| 000 | 00559nam a22002177a 4500 | ||
|---|---|---|---|
| 999 |
_c4403 _d4403 |
||
| 001 | 4403 | ||
| 003 | BD-JhCC | ||
| 005 | 20171127093710.0 | ||
| 008 | 171127s1961 n a|||| || | 001 0 eng d | ||
| 035 | _a(BD-JhCC)4403 | ||
| 040 |
_aBD-JhCC _dBD-JhCC |
||
| 041 | _aeng | ||
| 082 |
_a973.713 _bEAT 1961 |
||
| 100 | _aEaton, Clement | ||
| 245 |
_aA History of The Southern Confederacy / _cClement Eaton, |
||
| 260 |
_aNew York : _bCollier Books, _c1961 |
||
| 300 |
_a349 p. : _c18 cm. |
||
| 650 | _aAmerican Cicil War | ||
| 942 |
_2ddc _cBK |
||